Statistics for Minecraft Items by Crafting Table Combinations (With Pictures) #6

Click here to take the quiz!

General Stats

  • This quiz has been taken 54 times
  • The average score is 7 of 9

Answer Stats

Answer% Correct
Bread
92%
Wooden Axe
92%
Wooden Hoe
92%
Map
88%
Bone Block
82%
Book and Quill
76%
Oak Wooden Slab
76%
Soul Torch
62%
Stonecutter
46%

Score Distribution

Percentile by Number Answered

Percent of People with Each Score

Your Score History

You have not taken this quiz